<?xml version="1.0" encoding="UTF-8"?>
<record
    xmlns:xsi="http://www.w3.org/2001/XMLSchema-instance"
    xsi:schemaLocation="http://www.loc.gov/MARC21/slim http://www.loc.gov/standards/marcxml/schema/MARC21slim.xsd"
    xmlns="http://www.loc.gov/MARC21/slim">

  <leader>00802nam a22001937a 4500</leader>
  <controlfield tag="005">20260226143758.0</controlfield>
  <datafield tag="010" ind1=" " ind2=" ">
    <subfield code="a">HIN-130343</subfield>
  </datafield>
  <datafield tag="020" ind1=" " ind2=" ">
    <subfield code="c">399 </subfield>
    <subfield code="a">9789355435910 </subfield>
  </datafield>
  <datafield tag="035" ind1=" " ind2=" ">
    <subfield code="a">HN-102689 </subfield>
  </datafield>
  <datafield tag="037" ind1=" " ind2=" ">
    <subfield code="b">DBAD</subfield>
  </datafield>
  <datafield tag="082" ind1=" " ind2=" ">
    <subfield code="a">181.4 </subfield>
  </datafield>
  <datafield tag="100" ind1=" " ind2=" ">
    <subfield code="a">&#x915;&#x94B;&#x90F;&#x932;&#x94B; , &#x92A;&#x93E;&#x913;&#x932;&#x94B; </subfield>
    <subfield code="9">87486</subfield>
  </datafield>
  <datafield tag="245" ind1=" " ind2=" ">
    <subfield code="a">&#x92E;&#x915;&#x94D;&#x924;&#x942;&#x92C; /</subfield>
    <subfield code="c">&#x92A;&#x93E;&#x913;&#x932;&#x94B; &#x915;&#x94B;&#x90F;&#x932;&#x94B; </subfield>
  </datafield>
  <datafield tag="260" ind1=" " ind2=" ">
    <subfield code="b">&#x92E;&#x902;&#x91C;&#x941;&#x932; &#x92A;&#x92C;&#x94D;&#x932;&#x93F;&#x936;&#x93F;&#x902;&#x917; &#x939;&#x93E;&#x909;&#x938; </subfield>
    <subfield code="c">2024 </subfield>
    <subfield code="a">&#x92D;&#x94B;&#x92A;&#x93E;&#x932; </subfield>
  </datafield>
  <datafield tag="270" ind1=" " ind2=" ">
    <subfield code="a">&#x926;&#x94D;&#x930;&#x93F;&#x924;&#x940;&#x92F; &#x924;&#x932; , &#x909;&#x937;&#x93E; &#x92A;&#x94D;&#x930;&#x940;&#x924; &#x915;&#x93E;&#x92E;&#x94D;&#x92A;&#x94D;&#x932;&#x947;&#x915;&#x94D;&#x938; , 42 &#x92E;&#x93E;&#x932;&#x935;&#x940;&#x92F; &#x928;&#x917;&#x930; </subfield>
    <subfield code="a">&#x92D;&#x94B;&#x92A;&#x93E;&#x932; 462003 </subfield>
  </datafield>
  <datafield tag="300" ind1=" " ind2=" ">
    <subfield code="a">205 &#x92A;&#x943;.;</subfield>
    <subfield code="c">20  &#x938;&#x947;&#x92E;&#x940; (&#x905;&#x91C;&#x93F;&#x932;&#x94D;&#x926;)</subfield>
  </datafield>
  <datafield tag="700" ind1=" " ind2=" ">
    <subfield code="a">&#x92E;&#x926;&#x928; &#x938;&#x94B;&#x928;&#x940; </subfield>
    <subfield code="9">84491</subfield>
  </datafield>
  <datafield tag="942" ind1=" " ind2=" ">
    <subfield code="2">ddc</subfield>
    <subfield code="c">HN</subfield>
    <subfield code="h">181.4 </subfield>
    <subfield code="m">&#x915;&#x94B;&#x90F;&#x932;&#x94B; </subfield>
  </datafield>
  <datafield tag="999" ind1=" " ind2=" ">
    <subfield code="c">213257</subfield>
    <subfield code="d">213257</subfield>
  </datafield>
  <datafield tag="952" ind1=" " ind2=" ">
    <subfield code="0">0</subfield>
    <subfield code="1">0</subfield>
    <subfield code="4">0</subfield>
    <subfield code="7">1</subfield>
    <subfield code="8">NFIC</subfield>
    <subfield code="a">DBAD</subfield>
    <subfield code="b">DBAD</subfield>
    <subfield code="d">2025-09-02</subfield>
    <subfield code="e">DBAD</subfield>
    <subfield code="g">399.00</subfield>
    <subfield code="l">0</subfield>
    <subfield code="o">181.4  &#x915;&#x94B;&#x90F;&#x932;&#x94B; </subfield>
    <subfield code="p">HN-102689</subfield>
    <subfield code="r">2025-09-02 00:00:00</subfield>
    <subfield code="t">1 </subfield>
    <subfield code="v">399.00</subfield>
    <subfield code="w">2025-09-02</subfield>
    <subfield code="y">HN</subfield>
  </datafield>
</record>
